000 01208nac a22003377a 4500
001 BR8400413
003 BR-BrBNA
005 20240105115924.0
008 230509b bl.|||m| |||| 00| 0 por d
040 _aBR-BrBNA
_bpor
_cBiblioteca Nacional de Agricultura
072 _aE15; U10
090 _a1410 BR8400413
100 1 _aVicente, J.R.
100 1 _aIgreja, A.C.M.
100 1 _aCamargo, A.M.M.P. de
100 1 _aHellmeister, S.R.
110 1 _aInstituto de Economia Agricola, Sao Paulo, SP (Brasil)
_96029
245 1 _aFontes de crescimento e aspectos da producao de feijao no estado de Sao Paulo [analise estatistica, Brasil]
246 1 _aSources of growth and aspects of the bean culture production in Sao Paulo state [statistical analysis, Brazil]
260 3 _aSao Paulo, SP (Brasil):
_c1983.
300 _a31 p.
490 _aRelatorio de Pesquisa - Instituto de Economia Agricola (Brazil)
_vno. 7
_xISSN 0101-5109
500 _a10 tables; 11 ref.; Summaries (En, Pt)
650 _aFEIJAO
650 _aPRODUCAO
650 _aCRESCIMENTO
650 _aMODELO MATEMATICO
650 _aSAO PAULO
909 _a202312
_bLúcia Elande
_c55
_dLúcia Elande
942 _2AGRIS
_n0
_cMS
999 _c277092
_d277092